[Event "2004WA Championship"]
[Site "?"]
[Date "2004.07.03"]
[Round "1"]
[White "Marc Saxon"]
[Black "Adam Hasse"]
[Result "1-0"]
[WhiteElo "1617"]
[BlackElo "2098"]

1.e4 c5 2.Nf3 e6 3.d4 cxd4 4.Nxd4 a6 5.Nc3 Qc7 6.Be2 Nf6 7.O-O Bb4 8.Bd2 Bxc3 9.Bxc3 Nxe4 10.Bb4 Nc6 11.Nxc6 dxc6 12.Qd4 Nf6 13.Bd6 Qa5 14.Rad1 Qd5 15.Qf4 Qe4 16.Qg3 Qg6 17.Qa3 Nd7 18.Be7 c5 19.Bxc5 Qxc2 20.Bb5 f6 21.Rd3 axb5 22.Qxa8 Qxd3 23.Qxc8+ Kf7 24.Qxh8 Nxc5 25.Qc8 Qd4 26.Qc7+ Kg6 27.Qg3+ Kf7 28.Qc3 Qxc3 29.bxc3 Ne4 30.Rd1 Ke7 31.Rd3 Nd6 32.f3 Kd7 33.Kf2 Kc6 34.Ke3 e5 35.g4 g6 36.h4 f5 37.gxf5 Nxf5+ 38.Ke4 Nxh4 39.Kxe5 Kc5 40.f4 Nf5 41.Rh3 Kc4 42.Rxh7 Kxc3 43.Rxb7 b4 44.Kf6 Nh4 45.Kg5Ng2 46.Rb6 Ne3 47.Rxg6 Nc4 48.Rc6 Kd4 49.Rxc4+ Kxc4 50.f5 Kc3 51.f6 Kb2 52.f7 Kxa2 53.f8=Q b3 54.Qa8+ Kb1 55.Qe4+ Ka2 56.Qa4+ Kb2 57.Kf4 Kc3 58.Qc6+ Kd2 59.Qd5+ Kc2 60.Qc4+ Kb2 61.Ke3 Ka1 62.Qa4+ Kb2 63.Kd2 1-0

[Event "2004WA Championship"]
[Site "?"]
[Date "2004.07.03"]
[Round "1"]
[White "Natalie Maris"]
[Black "David Ellis"]
[Result "1-0"]
[WhiteElo "1592"]
[BlackElo "2034"]

1.e4 e6 2.d4 d5 3.e5 c5 4.Nf3 cxd4 5.Nxd4 Nc6 6.Nf3 Qc7 7.Bf4 f6 8.Bb5 Bd7 9.Bxc6 bxc6 10.Qd2 g5 11.Bg3 g4 12.exf6 Qb6 13.f7+ Kxf7 14.Ne5+ Ke8 15.c3 Bh6 16.Qe2 Bc1 17.Nd3 Bg5 18.Qxg4 Be7 19.Qh5+ Kd8 20.b3 Nf6 21.Qe5 Re8 22.O-O Ne4 23.b4 Bd6 24.Bh4+ Kc7 25.Qh5 Qb5 26.Ne5 c5 27.a4 Qb8 28.f3 Bxe5 29.Qxe5+ Kc8 30.Qxb8+ Rxb8 31.fxe4 cxb4 32.cxb4 Rxb4 33.Rc1+ Kb7 34.Bg3 Bc6 35.exd5 exd5 36.a5 d4 37.a6+ Kb6 38.Nd2 Kb5 39.Bc7 1-0

[Event "WA Championship 2004"]
[Site "?"]
[Date "2004.07.11"]
[Round "2"]
[White "Boyd, Tristan"]
[Black "Lockwood, Tom"]
[Result "1-0"]
[WhiteElo "2231"]
[BlackElo "1691"]
1.d4 d5 2.c4 c6 3.Nc3 e6 4.Nf3 Nf6 5.Bg5 h6 6.Bh4 g5 7.Bg3 dxc4 8.e4 b5 9.Be2 Bb4 10.e5 Ne4 11.Rc1 Qa5 12.Qc2 Nxg3 13.hxg3 Qxa2 14.Nxg5 Qb3 15.Qb1 Nd7 16.Kf1 Bxc3 17.Rxc3 Qb4 18.Bh5 Rf8 19.Nxe6 Ke7 20.Nxf8 Nxf8 21.Bf3 Bb7 22.Rxh6 Ne6 23.Bg4 Nxd4 24.Rd6 Nb3 25.Rd7+ 1-0

[Event "WA Championship 2004"]
[Site "?"]
[Date "2004.07.11"]
[Round "2"]
[White "Jahangirian, Mohammed"]
[Black "Byrne, Stewart"]
[Result "0-1"]
[WhiteElo "1700"]
[BlackElo "2205"]

1.e4 e5 2.Nf3 Nc6 3.Bb5 a6 4.Ba4 Nf6 5.O-O Be7 6.Re1 b5 7.Bb3 d6 8.c3 O-O 9.h3 Be6 10.Bc2 d5 11.exd5 Nxd5 12.d4 exd4 13.Nxd4 Nxd4 14.Qxd4 Bf6 15.Qe4 g6 16.Qf3 b4 17.a3 bxc3 18.Nxc3 Nxc3 19.bxc3 Be7 20.Rb1 Qd6 21.g4 Qc5 22.Bd2 Rad8 23.Red1 Rfe8 24.Be4 Ba2 25.Rb2 Bd5 26.Bxd5 Qxd5 27.Qxd5 Rxd5 28.Rbb1 Red8 29.c4 Rxd2 30.Rxd2 Rxd2 31.Rb8+ Bf8 0-1

[Event "WA Championship 2004"] 
[Site "?"]
[Date "2004.07.11"]
[Round "2"]
[White "Payne, Sophie"]
[Black "Barber, Haydn"]
[Result "0-1"]
[WhiteElo "1681"]
[BlackElo "2135"]

1.e4 c5 2.Nf3 e6 3.d4 cxd4 4.Nxd4 Nc6 5.Nc3 a6 6.Be2 Nge7 7.Be3 b5 8.Bf3 Bb7 9.g3 Ne5 10.Bg2 Nc4 11.Bc1 Ng6 12.b3 Bb4 13.Bd2 Nxd2 14.Qxd2 Rc8 15.Nde2 Qa5 16.O-O-O O-O 17.Kb1 Bxc3 18.Qxc3 Qxc3 19.Nxc3 Rxc3 20.Rxd7 Bc8 21.Rd6 e5 22.Rhd1 Re8 23.Kb2 Rc7 24.Bf1 Kf8 25.c4 b4 26.Rb6 Bg4 27.Rd5 Bc8 28.Rxb4 Bb7 29.Ra5 Rd8 30.Kc1 Rcd7 31.c5 Ne7 32.Rb6 Bxe4 33.Rd6 Rxd6 34.cxd6 Rxd6 35.Bxa6 Nc6 36.Ra4 Bf3 37.Bb7 Ke7 38.b4 Rd1+ 39.Kb2 Rd2+ 40.Kc3 Rxf2 41.b5 Nb8 42.Bxf3 Rxf3+ 43.Kc4 Rf2 44.Kc5 Nd7+ 45.Kc6 Rc2+ 0-1

[Event "2004 WA Championship"]
[Site "?"]
[Date "2004.07.18"]
[Round "3"]
[White "Barber, Haydn"]
[Black "Fedec, John"]
[Result "1-0"]
[WhiteElo "2135"]
[BlackElo "1714"]
1.f4 e5 2.fxe5 d6 3.exd6 Bxd6 4.Nf3 Nf6 5.g3 Ng4 6.Bg2 h5 7.d4 h4 8.Bg5 Be7 9.Qd2 h3 10.Bf1 f6 11.Be3 Bf5 12.Bg1 Bd6 13.Nc3 Qe7 14.O-O-O Be4 15.Nxe4 Qxe4 16.Qd3 Qxd3 17.Rxd3 Nd7 18.Nh4 g5 19.Nf5 Bf8 20.Ne3 Nxe3 21.Rxe3+ Kf7 22.g4 Re8 23.Rc3 Bd6 24.Kd1 Nb6 25.Rxh3 Rxh3 26.Bxh3 Nc4 27.b3 Ne3+ 28.Bxe3 Rxe3 29.Bg2 c6 30.h4 Rg3 31.Bf3 gxh4 32.Rxh4 Bb4 33.Rh1 Kg6 34.c4 Kg5 35.Kc2 Kf4 36.Kd3 a5 37.Rh5 Rg1 38.Rf5+ Kg3 39.Rxf6 Rd1+ 40.Ke4 1-0

[Event "2004 WA Championship"]
[Site "?"]
[Date "2004.07.18"]
[Round "3"]
[White "Maris, Robert"]
[Black "Boyd, Tristan"]
[Result "1/2-1/2"]
[WhiteElo "1949"]
[BlackElo "2231"]

1.d4 Nf6 2.c4 g6 3.Nc3 Bg7 4.e4 d6 5.f3 O-O 6.Be3 Nc6 7.Qd2 a6 8.Nge2 Rb8 9.O-O-O b5 10.h4 h5 11.Bh6 e5 12.Bxg7 Kxg7 13.dxe5 Nxe5 14.Nf4 bxc4 15.Qd4 Bb7 16.Rd2 c5 17.Qe3 Bc6 18.Be2 Qe7 19.Kb1 Rb4 20.Ka1 Rfb8 21.Rb1 R4b7 22.Qg1 a5 23.Qd1 Rd8 24.Qc2 a4 25.a3 Qe8 26.Nfd5 Nxd5 27.Nxd5 Bxd5 28.Rxd5 Kh7 1/2-1/2

[Event "2004 WA Championship"]
[Site "?"]
[Date "2004.07.18"]
[Round "3"]
[White "Hare, Tim"]
[Black "Johnstone, Ray"]
[Result "1-0"]
[WhiteElo "2059"]
[BlackElo "1679"]

1.c4 e5 2.Nc3 Nf6 3.Nf3 Nc6 4.g3 h6 5.d3 Bb4 6.Bd2 O-O 7.Bg2 Re8 8.e4 d6 9.O-O Bg4 10.h3 Bh5 11.g4 Nxg4 12.hxg4 Bxg4 13.Ne2 Bc5 14.Be3 Qf6 15.Nh2 Bh5 16.a3 Rab8 17.Qd2 Qh4 18.Ng3 Bxe3 19.Qxe3 Nd4 20.Nf5 Ne2+ 21.Qxe2 Qxh2+ 22.Kxh2 Bxe2 23.Rfe1 Bxd3 24.Rec1 Re6 25.Rc3 Kh7 26.Rxd3 1-0

[Event "2004 WA Championship"]
[Site "?"]
[Date "2004.07.25"]
[Round "4"]
[White "Hare, Tim"]
[Black "Byrne, Stewart"]
[Result "1-0"]
[WhiteElo "2059"]
[BlackElo "2205"]

1. c4 e5 2. Nc3 Nf6 3. g3 d5 4. cxd5 Nxd5 5. Bg2 Nb6 6. Nf3 Nc6 7. O-O Be7 8. d3 O-O 9. a3 Be6 10. b4 a5 11. b5 Nd4 12. Rb1 f6 13. e3 Nxf3+ 14. Bxf3 Rb8 15. Qc2 Qd7 16. Rd1 Rfd8 17. Bb2 Bf8 18. a4 Qf7 19. Ba1 Kh8 20. Ne2 Ba3 21. Rd2 Rd7 22. Bc3 Nd5 23. Bxa5 Rc8 24. e4 Ne7 25. d4 c6 26. b6 Rcd8 27. Bc3 Bc4 28. dxe5 Bd3 29. Qb3 Bc4 30. Rxd7 Bxb3 31. Rxd8+ Ng8 32. exf6 gxf6 33. Rxb3 Be7 34. Rd3 1-0

[Event "2004 WA Championship"]
[Site "?"]
[Date "2004.07.25"]
[Round "4"]
[White "Hessing, Rod"]
[Black "Saxon, Marc"]
[Result "0-1"]
[WhiteElo "1675"]
[BlackElo "1617"]

1. f4 d5 2. b3 Bf5 3. Nf3 e6 4. e3 Nf6 5. Bb2 Be7 6. d4 Nbd7 7. Bd3 Ne4 
8. O-O Ndf6 9. Nbd2 O-O 10. Qe1 Bb4 11. a3 Ba5 12. b4 Bb6 13. Ne5 a5 14. b5 a4 15. Rc1 Ba5 16. Nef3 Qd7 17. Qe2 Nxd2 18. Nxd2 Bxd3 19. Qxd3 Bxd2 20. Qxd2 Qxb5 21. Rb1 Ne4 22. Qe1 Qa5 23. Qxa5 Rxa5 24. Bc1 b6 25. Rd1 Nc3 0-1

[Event "2004 WA Championship"]
[Site "?"]
[Date "2004.07.25"]
[Round "4"]
[White "Janceski, Alex"]
[Black "Maris, Fred"]
[Result "0-1"]
[WhiteElo "1600"]
[BlackElo "1564"]

1. d4 d5 2. c4 c6 3. Nc3 Nf6 4. e3 a6 5. c5 Bg4 6. f3 Bh5 7. Bd3 e6 8. Nge2 Bg6 9. O-O Bxd3 10. Qxd3 Nbd7 11. b4 Be7 12. e4 h6 13. e5 Nh7 14. f4 O-O 15. Ng3 f5 16. exf6 Nhxf6 17. f5 e5 18. dxe5 Nxe5 19. Qe2 Nc4 20. Qe6+ Rf7 21. Nce2 Qd7 22. Nf4 Re8 23. Qxd7 Nxd7 24. a4 Bf6 25. Rb1 Nde5 26. h3 Bh4 27. Nfh5 Nd3 28. Rb3 Nxc1 29. Rxc1 Bg5 30. Rd1 Nd2 31. Rd3 Ne4 32. Rf1 Nxg3 33. Nxg3 Bh4 34. Nh5 Re5 35. g4 Re4 36. Rb3 Be7 37. Nf4 Rxb4 38. Rc3 Rxa4 39. Ne6 Bf6 40. Rb3 Rc4 41. Rfb1 Bd4+ 42. Kg2 Rc2+ 43. Kg3 Rc3+ 44. Kf4 g5+ 45. Nxg5 hxg5+ 46. Kxg5 Rxb3 47. Rxb3 Rg7+ 48. Kf4 Bxc5 49. f6 Rh7 50. g5 b6 51. Kg4 d4 52. g6 Rd7 53. Rd3 Rd5 54. h4 Bf8 55. h5 Bh6 56. f7+ Kf8 57. Rb3 b5 58. Ra3 d3 59. Rxa6 d2 60. Ra8+ Ke7 61. Re8+ Kd7 62. f8=Q Bxf8 63. Rxf8 d1=Q+ 64. Kh4 Qh1+ 
65. Kg4 0-1

[Event "2004 WA Championship"]
[Site "?"]
[Date "2004.07.25"]
[Round "4"]
[White "Payne, Sophie"]
[Black "McMahon, Denis"]
[Result "1-0"]
[WhiteElo "1681"]
[BlackElo "1629"]

1. e4 d5 2. exd5 Nf6 3. Bb5+ c6 4. dxc6 bxc6 5. Be2 e5 6. Nc3 Bc5 7. Nf3 e4 8. Ng5 Qd4 9. O-O h6 10. Nh3 Bxh3 11. gxh3 Bd6 12. Kg2 Qe5 13. Rh1 Qg5+ 14. Kf1 Qh4 15. Kg2 Bc5 16. Rf1 Qg5+ 17. Kh1 Bd6 18. Rg1 Qf4 19. Rg2 Qh4 20. Qg1 g5 21. d3 Nbd7 22. dxe4 Qxh3 23. Be3 Be5 24. Rd1 Ke7 25. Rd3 Qh4 26. f4 Bxc3 27. Rxc3 Nxe4 28. Rxc6 gxf4 29. Bf2 Nxf2+ 30. Qxf2 Qxf2 31. Rxf2 Ne5 32. Rc5 Kd6 33. b4 Ng6 34. Bd3 Rae8 35. Bxg6 Re1+ 36. Kg2 Rg8 37. Rd2+ Ke6 38. Rc6+ Ke7 39. Kf2 Rh1 40. Rc7+ Kf6 41. Rc6+ Ke7 42. Kf3 fxg6 43. Kxf4 Rf8+ 44. Ke3 Rhf1 45. Kd4 Rd8+ 46. Kc3 Rf3+ 47. Rd3 Rdxd3+ 48. cxd3 Kf7 49. Rc7+ Kf6 50. Rxa7 Rf2 51. b5 Rxh2 52. b6 Re2 53. b7 Re8 54. Ra8 Re6 55. b8=Q g5 56. Qf8+ Kg6 57. Qg8+ Kf5 58. Ra5+ 1-0

[Event "2004 WA Championship"]
[Site "?"]
[Date "2004.07.25"]
[Round "4"]
[White "Ellis, David"]
[Black "Markou, Victor"]
[Result "1-0"]
[WhiteElo "2034"]
[BlackElo "1506"]

1. d4 d5 2. Bg5 Nd7 3. e3 Ngf6 4. Bd3 e6 5. Nd2 c5 6. c3 c4 7. Bc2 Be7 
8. Ngf3 O-O 9. O-O b5 10. Ne5 Nxe5 11. dxe5 Nd7 12. Bxe7 Qxe7 13. f4 f6 
14. exf6 Nxf6 15. Nf3 Bd7 16. Ne5 Rad8 17. g4 Be8 18. Qf3 Rd6 19. Qh3 Ne4 20. Bxe4 dxe4 21. Rad1 Rf6 22. g5 Rf5 23. Qg2 Bh5 24. Rxd6 Qxd6 25. Qxe4 Qd2 26. Rf2 Qd1+ 27. Kg2 Qd5 28. Qxd5 exd5 29. Rd2 Bf7 30. Kg3 Kf8 31. Nf3 Be8 32. Nh4 Rf7 33. Rxd5 Re7 34. Rf5+ Kg8 35. Re5 Rxe5 36. fxe5 Kf7 37. Kf4 Ke6 38. Nf3 g6 39. Nd4+ Kd5 40. e6 a6 41. a3 Kd6 42. Ke4 1-0

[Event "2004 WA Championship"]
[Site "?"]
[Date "2004.07.25"]
[Round "4"]
[White "Lakner, Jay"]
[Black "Barber, Haydn"]
[Result "0-1"]
[WhiteElo "2003"]
[BlackElo "2135"]

1. d4 f5 2. Nf3 Nf6 3. g3 g6 4. Bg2 Bg7 5. O-O O-O 6. c4 d6 7. Nc3 Qe8 
8. d5 a5 9. Nd4 Na6 10. Re1 Bd7 11. Rb1 c6 12. a3 Nc7 13. dxc6 bxc6 14. e4 fxe4 15. Nxe4 Nxe4 16. Bxe4 Qf7 17. Nxc6 Ra6 18. Nxe7+ Qxe7 19. Bd5+ Nxd5 20. Rxe7 Nxe7 21. b4 axb4 22. axb4 Bf5 23. Rb3 Ra1 24. b5 Be4 25. f4 Nf5 26. Ra3 Bd4+ 27. Qxd4 Rxc1+ 28. 0-1

[Event "2004 WA Championship"]
[Site "?"]
[Date "2004.07.25"]
[Round "4"]
[White "Taylor, Paul"]
[Black "Garcia, Mat"]
[Result "0-1"]
[WhiteElo "610"]
[BlackElo "1452"]

1. e4 e5 2. Nf3 Nc6 3. Bb5 a6 4. Bxc6 dxc6 5. d3 Bd6 6. Nc3 Bg4 7. h3 Bh5 8. Be3 h6 9. d4 Qe7 10. a3 Nf6 11. Qe2 O-O 12. g4 Bg6 13. Nh4 Bxe4 14. Nxe4 Nxe4 15. Nf5 Qf6 16. Nxd6 cxd6 17. f3 Ng3 18. Qg2 Nxh1 19. Qxh1 exd4 20. Bd2 Rfe8+ 21. Kd1 d3 22. c3 Re2 23. a4 Rf2 24. f4 Re8 25. a5 Ree2 26. Be1 Qxf4 27. Bxf2 Qd2 0-1

[Event "2004 WA Championship"]
[Site "?"]
[Date "2004.07.25"]
[Round "4"]
[White "Boyd, Tristan"]
[Black "Baker, Russel"]
[Result "1-0"]
[WhiteElo "2231"]
[BlackElo "1808"]

1. e4 e6 2. d4 d5 3. Nd2 Nf6 4. e5 Nfd7 5. c3 c5 6. Bd3 Nc6 7. Ne2 Qb6 
8. Nf3 cxd4 9. cxd4 f6 10. exf6 Nxf6 11. O-O Bd6 12. Nc3 O-O 13. Bg5 Bd7 14. a3 g6 15. Na4 Qc7 16. Qc2 Kg7 17. h3 Rac8 18. Rae1 Nh5 19. Qc3 Rxf3 20. gxf3 e5 21. Kg2 exd4 22. Qd2 Bf4 23. Bxf4 Nxf4+ 24. Kh1 Rf8 25. Bb1 Qd8 26. Rg1 Qh4 27. Rg3 Bxh3 28. Kg1 Nh5 29. Qg5 Qxg5 30. Rxg5 Nf4 31. Nc5 h6 32. Rg3 Bf5 33. Bxf5 Rxf5 34. Ne6+ Kf6 35. Nxf4 Rxf4 36. Kg2 Ne5 37. Rh3 d3 38. Rd1 h5 39. Rhh1 Rxf3 40. Rh4 Rf5 41. f4 Ng4 42. Kg3 Ke6 43. Rxd3 Nf6 44. Rf3 d4 45. Rh1 Ne4+ 46. Kg2 Rd5 47. Rd1 Kf5 48. Rfd3 Kxf4 49. Rxd4 Rxd4 50. Rxd4 g5 51. Rd7 h4 52. Rf7+ Kg4 53. Rxb7 a5 54. Rh7 Nf6 55. Rf7 Nd5 56. Kh2 h3 57. Rd7 Nf4 58. b4 axb4 59. axb4 Kf3 60. b5 g4 61. Rg7 Nh5 62. Rg5 Ng3 63. b6 Nf1+ 64. Kg1 g3 65. Kxf1 h2 66. Rf5+ 1-0

[Event "2004 WA Championship"]
[Site "?"]
[Date "2004.07.25"]
[Round "4"]
[White "Humphries, Ryan"]
[Black "Lockwood, Tom"]
[Result "0-1"]
[WhiteElo "1431"]
[BlackElo "1691"]

1. e4 c6 2. d4 d5 3. Nc3 dxe4 4. Nxe4 Nd7 5. Nf3 Ngf6 6. Ng3 e6 7. Bd3 c5 8. Ne2 cxd4 9. Nexd4 Bc5 10. c3 e5 11. Qe2 O-O 12. Nb3 e4 13. Bxe4 Nxe4 14. Qxe4 Re8 15. Nxc5 Nxc5 16. Qe3 Nd3+ 17. Ke2 Nxc1+ 18. Raxc1 Rxe3+ 19. fxe3 Bg4 20. Rcd1 Bxf3+ 21. gxf3 Qb6 22. Rd2 Re8 23. e4 f5 24. Rf1 fxe4 25. fxe4 Rxe4+ 26. Kd1 h6 0-1

[Event "2004 WA Championship"]
[Site "?"]
[Date "2004.07.25"]
[Round "4"]
[White "Jahangirian, Mohammad"]
[Black "Benken, Dieter"]
[Result "1-0"]
[WhiteElo "1700"]
[BlackElo "1159"]

1. e4 c6 2. d4 d5 3. Nd2 dxe4 4. Nxe4 Bf5 5. Ng3 Bg6 6. Nf3 Nd7 7. c3 Ngf6 8. Bc4 e6 9. Bf4 Be7 10. O-O O-O 11. Nh4 Nb6 12. Nxg6 hxg6 13. Bb3 Nbd5 14. Bd2 c5 15. c4 Nb6 16. Bc3 cxd4 17. Bxd4 Nbd7 18. Re1 b6 19. Bc2 Rc8 20. b3 Bc5 21. Bb2 Re8 22. Qf3 e5 23. Rad1 Qc7 24. h4 Qc6 25. Ne4 Nxe4 26. Bxe4 Qe6 27. h5 Nf6 28. hxg6 Nxe4 29. Qxf7+ Qxf7 30. gxf7+ Kxf7 31. Rxe4 Kf6 32. Rd5 Rcd8 33. Rexe5 Kg6 34. Rg5+ Kh6 35. Bxg7+ Kh7 36. Bc3 Rxd5 37. Rxd5 Re2 38. Rd2 Re1+ 39. Kh2 Re7 40. b4 1-0

[Event "2004 WA Championship"]
[Site "?"]
[Date "2004.07.25"]
[Round "4"]
[White "Bailye, Ron"]
[Black "Walker, Colin"]
[Result "1-0"]
[WhiteElo "1290"]
[BlackElo "1372"]

1. e4 e5 2. Nf3 d6 3. d4 Be7 4. Bc4 Bg4 5. Be3 Nf6 6. c3 Nxe4 7. dxe5 dxe5 8. Qxd8+ Bxd8 9. Nxe5 Bh5 10. g4 Bg6 11. Nxg6 fxg6 12. Bd5 Nd6 13. Nd2 c6 14. Be6 Ke7 15. Bb3 Re8 16. O-O-O Nd7 17. Rhe1 Kf8 18. Nf3 Bc7 19. Ng5 Nf6 20. Ne6+ Rxe6 21. Bxe6 Nde8 22. Bc5+ Bd6 23. Bxd6+ Nxd6 24. Rxd6 Ne8 25. Rdd1 Rb8 26. Re3 g5 27. h3 b6 28. Red3 Ke7 29. Re3 Kf6 30. Rf3+ Ke7 31. Bb3 h6 32. Re3+ Kf8 33. Red3 c5 34. Rd8 Rxd8 35. Rxd8 Ke7 
36. Rb8 1-0 (69 moves, move 36...Ne1 incorrect)

[Event "2004 WA Championship"]
[Site "?"]
[Date "2004.07.25"]
[Round "4"]
[White "Leonhardt, Wolfgang"]
[Black "Deheer, Alex"]
[Result "1-0"]
[WhiteElo "1991"]
[BlackElo "1559"]

1. d4 Nf6 2. Nf3 d5 3. Bg5 Ne4 4. Bf4 h6 5. h3 g5 6. Bh2 e6 7. e3 Bd6 
8. Bxd6 Qxd6 9. a3 Bd7 10. Bd3 Qb6 11. Nbd2 Qxb2 12. Nxe4 dxe4 13. Bxe4 f5 14. Bd3 Qc3+ 15. Nd2 Bc6 16. O-O h5 17. Nc4 Bb5 18. Ne5 Bxd3 19. cxd3 c6 20. Qa4 b5 21. Qd1 Nd7 22. Rc1 Qxa3 23. Rxc6 Qa2 24. Qc1 Nxe5 25. dxe5 O-O 26. e4 f4 27. Qd1 f3 28. g3 Kg7 29. Qc1 Kh6 30. d4 b4 
31. d5 1-0 (37 moves, b5 recorded twice by black)

[Event "2004 WA Championship"]
[Site "?"]
[Date "2004.07.25"]
[Round "4"]
[White "O'Donoghue, Brett"]
[Black "Kueh, Michael"]
[Result "0-1"]
[WhiteElo "1406"]
[BlackElo "1872"]

1. e4 Nc6 2. Nf3 d6 3. d4 Nf6 4. Nc3 Bg4 5. Be2 e6 6. O-O Be7 7. Be3 d5 8. e5 Nd7 9. h3 Bh5 10. Nh2 Bg6 11. a3 Nb6 12. f4 Qd7 13. b4 O-O 14. Bd3 Bxd3 15. Qxd3 f5 16. Qe2 Nc4 17. Bf2 a5 18. b5 Na7 19. a4 Nc8 20. g4 N8b6 21. Kh1 Ba3 22. Qd3 Qf7 23. Rg1 Kh8 24. Nf3 Be7 25. g5 g6 26. Rg2 Bb4 27. Ne2 Kg7 28. h4 Qd7 29. h5 c6 30. bxc6 Qxc6 31. Qb3 Rab8 32. Rh2 Rg8 33. Kg2 Rh8 34. Nc1 Be7 35. Nd3 Nd7 36. c3 b5 37. axb5 Qxb5 38. Qd1 Qb3 39. Qh1 Qxc3 40. Nc5 Bxc5 41. dxc5 Rbc8 42. hxg6 hxg6 43. Rh6 Ne3+ 44. Kg3 Ng4 45. Rc1 Qb2 46. Qe1 Nxh6 47. gxh6+ Rxh6 48. Ng5 Nf8 49. c6 Qa3+ 50. Rc3 Qe7 51. Bc5 Qe8 52. Qc1 Kg8 53. c7 Rxc7 54. Bxf8 Rxc3+ 55. Qxc3 Kxf8 56. Qxa5 Rh5 57. Qc5+ Kg8 58. Qd6 Rxg5+ 59. fxg5 Kf7 60. Qb6 Qd7 61. Qd4 Qe7 62. Kf4 Qc7 63. Kg3 Qa5 64. Kf4 Qa2 65. Qe3 Qh2+ 0-1

[Event "2004 WA Championship"]
[Site "?"]
[Date "2004.07.25"]
[Round "4"]
[White "Whitehead, Paul"]
[Black "Slack-Smith, Blair"]
[Result "1-0"]
[WhiteElo "1654"]
[BlackElo "1098"]

1. d4 Nf6 2. c4 g6 3. Nc3 d5 4. cxd5 Nxd5 5. Qb3 Nxc3 6. bxc3 Bg7 7. e4 e5 8. d5 O-O 9. Nf3 Nd7 10. Ba3 Re8 11. Bd3 Bf8 12. Bxf8 Rxf8 13. Qb2 Nc5 14. Bc2 Qd6 15. O-O Bg4 16. Nd2 Qf6 17. Bd1 Bd7 18. c4 Qg5 19. Nf3 Qf4 20. Nxe5 Qxe4 21. Bf3 Qf5 22. Rab1 Rfe8 23. Rfe1 b6 24. Re3 Qf6 25. Rbe1 Qd6 26. Qd4 Ba4 27. Qh4 Rac8 28. Bg4 Ra8 29. f4 Nd7 30. Bxd7 Bxd7 31. Nf3 Rxe3 32. Rxe3 Qc5 33. Qe7 Re8 34. Qxc5 bxc5 35. Kf2 Rxe3 36. Kxe3 f6 37. Nd2 Kf7 38. Nb3 Ke7 39. Nxc5 Bf5 40. Kd4 Bc8 41. a3 h6 42. Nd3 Kd6 43. c5+ Kd7 44. Nb4 a6 45. a4 h5 46. a5 Ke7 47. h4 Kd7 48. Nd3 Ke7 49. Nb2 Bg4 50. Nc4 Kd7 51. g3 Ke7 52. d6+ Kd7 53. dxc7 Kxc7 54. Kd5 Bd7 55. Nd6 Kb8 56. Ne4 f5 57. Nf6 Bc8 58. Kd6 Bb7 59. Nd7+ Kc8 60. Nf8 Bf3 61. Nxg6 Bg2 62. Ne7+ 1-0

[Event "2004 WA Championship"]
[Site "?"]
[Date "2004.08.01"]
[Round "5"]
[White "Barber, Haydn"]
[Black "Hare, Tim"]
[Result "0-1"]
[WhiteElo "2135"]
[BlackElo "2059"]

1. f4 c5 2. Nf3 Nf6 3. e3 g6 4. b3 Bg7 5. Bb2 a6 6. Be2 O-O 7. O-O Nc6 
8. a4 Rb8 9. Ne5 d6 10. Nxc6 bxc6 11. Na3 a5 12. Qe1 Ne8 13. Bxg7 Kxg7 
14. d3 Nf6 15. Nc4 Rb4 16. Bf3 Qc7 17. Kh1 Be6 18. Qg3 Bxc4 19. dxc4 d5 
20. cxd5 cxd5 21. Rfd1 e6 22. Rdc1 c4 23. Qe1 Rc8 24. g4 d4 25. Qd2 c3 
26. Qd3 dxe3 27. g5 Nd5 28. Bxd5 exd5 29. Rf1 Rxf4 30. Qxe3 Re4 31. Qh3 Rce8 32. Rf2 Re1+ 33. Rxe1 Rxe1+ 34. Kg2 Qe5 35. Qg3 Qxg3+ 36. Kxg3 d4 37. Kf3 Re3+ 38. Kg4 Re4+ 39. Kf3 Re5 40. Rg2 f5 41. gxf6+ Kxf6 42. Rg4 Re3+ 43. Kf2 Rh3 44. Kg2 Re3 45. Kf2 Ke5 46. Rg5+ Kd6 47. Rg4 Kd5 48. Rg5+ Re5 49. Rg3 g5 50. h3 h5 51. Kf1 Ke4 52. Kf2 Kf5 53. Rf3+ Kg6 54. Rd3 Re4 55. Rd1 g4 56. hxg4 hxg4 57. Rb1 Kf5 58. b4 axb4 59. a5 d3 60. cxd3 Rf4+ 61. Ke3 c2 62. Rh1 b3 63. Kd2 g3 64. a6 g2 65. Rh5+ Kg6 66. Rh8 Rf2+ 0-1

[Event "2004 WA Championship"]
[Site "?"]
[Date "2004.08.01"]
[Round "5"]
[White "Saxon, Marc"]
[Black "Lakner, Jay"]
[Result "0-1"]
[WhiteElo "1617"]
[BlackElo "2003"]

1. e4 c5 2. Nf3 Nc6 3. d4 cxd4 4. Nxd4 g6 5. Be3 Nf6 6. Nc3 Bg7 7. Bc4 O-O 8. f3 Qa5 9. Qd2 Qb4 10. Nxc6 bxc6 11. Bb3 d6 12. O-O-O Be6 13. h4 a5 14. Bh6 Rfb8 15. Bxg7 Kxg7 16. h5 Nxh5 17. g4 a4 18. gxh5 axb3 19. hxg6 fxg6 20. Qh6+ Kf7 21. Qxh7+ Ke8 22. Qxg6+ Kd7 23. cxb3 Rxa2 24. Nxa2 Qxb3 25. Qg2 Qxa2 26. Rd2 Bb3 27. Rxd6+ exd6 28. Qg7+ Bf7 29. Rh7 Qc4+ 30. Kb1 Qd3+ 31. Kc1 Qe3+ 32. Kc2 Qe2+ 33. Kc1 Qxf3 34. Qxf7+ Qxf7 35. Rxf7+ Ke6 36. Rc7 c5 37. Kc2 Rb4 38. Kc3 Rxe4 39. Rb7 Kd5 40. Rb5 Rc4+ 41. Kd3 Rb4 42. Rxb4 cxb4 43. b3 Ke5 44. Ke3 d5 45. Kd3 d4 46. Kd2 Ke4 47. Ke2 d3+ 48. Kd2 Kd4 49. Kd1 Kc3 50. Kc1 Kxb3 0-1

[Event "2004 WA Championship"]
[Site "?"]
[Date "2004.08.01"]
[Round "5"]
[White "McMahon, Denis"]
[Black "Leonhardt, Wolfgang"]
[Result "0-1"]
[WhiteElo "1629"]
[BlackElo "1991"]

1. e4 c5 2. Nf3 d6 3. d3 Nc6 4. g3 Nf6 5. Bg2 Bg4 6. h3 Bd7 7. Nbd2 e6 
8. O-O Be7 9. Re1 Qc7 10. Nf1 O-O 11. Nh4 d5 12. f4 dxe4 13. dxe4 Rad8 
14. e5 Nd5 15. Nf3 c4 16. c3 Bc5+ 17. Kh2 b5 18. Ng5 f6 19. exf6 Nxf6 
20. Nxe6 Bxe6 21. Rxe6 Rxd1 22. Rxc6 Qe7 0-1

[Event "2004 WA Championship"]
[Site "?"]
[Date "2004.08.01"]
[Round "5"]
[White "Kueh, Michael"]
[Black "Johnstone, Ray"]
[Result "1/2-1/2"]
[WhiteElo "1872"]
[BlackElo "1679"]

1. f4 e5 2. fxe5 d6 3. exd6 Bxd6 4. Nf3 g5 5. g3 Nc6 6. c3 g4 7. Nh4 Bd7 8. d4 Qe7 9. Qd3 O-O-O 10. Nf5 Bxf5 11. Qxf5+ Kb8 12. Bg5 f6 13. Bf4 h5 14. Nd2 Nh6 15. Bxd6 Qxd6 16. Qf4 Qe6 17. e4 Qe7 18. Nb3 Nf7 19. O-O-O Ng5 20. Bg2 a5 21. Rhf1 Rhf8 22. Qf5 a4 23. Na5 Nxa5 24. Qxa5 Rd6 25. e5 fxe5 26. Rxf8+ Qxf8 27. Qxe5 Nf3 28. Qxh5 Qg8 29. Kb1 Rd5 30. Qh6 Rd6 31. Qf4 Nxh2 32. Qe4 Rb6 33. Rh1 a3 34. b4 Qc4 35. Qe8+ Ka7 36. Qa4+ Ra6 37. Qc2 Re6 38. Be4 Nf3 39. Bd3 Qc6 40. Rd1 Re3 41. b5 Qd6 42. Qf2 Re8 43. d5+ b6 44. Bf5 Qf6 45. Bxg4 Qg6+ 46. Qc2 Qxg4 47. c4 Nd4 48. Qd3 Re4 49. Qxa3+ Kb8 50. Qd3 Nf5 51. Rf1 Nd6 52. Qa3 Re8 53. c5 Qe4+ 54. Ka1 Qd4+ 55. Qb2 Qxb2+ 56. Kxb2 bxc5 1/2-1/2

[Event "2004 WA Championship"]
[Site "?"]
[Date "2004.08.01"]
[Round "5"]
[White "Byrne, Stewart"]
[Black "Boyd, Tristan"]
[Result "0-1"]
[WhiteElo "2205"]
[BlackElo "2231"]

1. e4 c5 2. Nf3 Nc6 3. c3 Nf6 4. e5 Nd5 5. d4 cxd4 6. Bc4 Nb6 7. Bb3 d5 
8. exd6 Qxd6 9. O-O Be6 10. Na3 dxc3 11. Qe2 Bxb3 12. Nb5 Qb8 13. axb3 e5 14. Nbd4 Nd7 15. Rd1 Qc7 16. Nb5 Qc8 17. Ng5 Be7 18. Qh5 Nd8 19. Ne4 O-O 20. bxc3 Qc6 21. Qe2 Nc5 22. Nxc5 Bxc5 23. b4 Bb6 24. Rd6 Qc8 25. c4 Nc6 26. Bd2 a6 27. Na3 Bc7 28. Rd3 Qe6 29. Bc3 Rad8 30. Re3 Nd4 31. Qb2 Qf5 32. c5 h6 33. Rae1 Rd5 34. Re4 Rfd8 35. Nc4 Qg6 36. Bxd4 Rxd4 37. Rxd4 exd4 38. Re7 Bb8 39. g3 d3 40. Nd2 b6 41. Qc3 bxc5 42. bxc5 Bf4 43. Ra7 Bxd2 44. Qxd2 Qf5 45. Rxa6 Qxc5 46. Ra1 Qd4 47. Ra3 Qe4 48. Rb3 Ra8 49. Rb1 Qf3 50. Qd1 Qf5 51. Rb3 Ra2 52. Qf1 Re2 53. Rb8+ Kh7 0-1

[Event "2004 WA Championship"]
[Site "?"]
[Date "2004.08.01"]
[Round "5"]
[White "Dunlop, Gordon"]
[Black "Hardegen, Andrew"]
[Result "1-0"]
[WhiteElo "1768"]
[BlackElo "1892"]

1. g3 d5 2. Nf3 Nf6 3. Bg2 c5 4. c4 Nc6 5. cxd5 Nxd5 6. Nc3 Nxc3 7. bxc3 e5 8. O-O Be7 9. Bb2 Bf6 10. Qc2 O-O 11. Rad1 Be6 12. d4 exd4 13. cxd4 Qa5 14. a3 cxd4 15. Nxd4 Nxd4 16. Bxd4 Rac8 17. Qb2 Bxd4 18. Rxd4 b5 19. Bd5 Bxd5 20. Rxd5 a6 21. Qb4 Qxb4 22. axb4 Rc2 23. Ra1 Rc6 24. Rd7 Ra8 25. Rb7 g6 26. Rxb5 Re8 27. Rba5 Rxe2 28. Rxa6 Rcc2 29. Rf6 Kg7 30. Rf4 Ra2 31. Rxa2 Rxa2 32. h4 f5 33. Rc4 Rb2 34. Rc7+ Kf6 35. Rb7 f4 36. Kg2 fxg3 37. Kxg3 Ke5 38. b5 Rb4 39. b6 Kd5 40. Rd7+ Ke6 41. Rb7 Kd5 42. f3 h5 43. Rb8 Ke6 44. b7 Kd7 45. Rg8 1-0